| 000 | 00419nam a2200145Ia 4500 | ||
|---|---|---|---|
| 008 | 230917s9999||||xx |||||||||||||| ||und|| | ||
| 040 |
_e81158 _aMAIN |
||
| 041 | _aEnglish | ||
| 082 | _a342.54 P886C | ||
| 100 | _aPrasad, Anirudh | ||
| 245 | 0 | _aCentre-state relations in India: constitutional provisions judicial review recept trends | |
| 260 |
_aNew Delhi _bDeep & Deep _c1985 |
||
| 300 | _aviii, 826 p. | ||
| 942 | _cBK | ||
| 999 |
_c49075 _d49075 |
||